000 01340cam a22001934a 4500
005 20250605164208.0
008 250528s ||||||||||||||||||||||||d
035 _a20126
040 _aGR-AtMCL
_bgre
_dGR-AtMCL
_eAACR2
245 1 _aProceedings of the 2nd International Workshop in Applied Probability / IWAP 2004
260 _c2004
300 _a356
520 _aOn the Waiting Time for the First Sucess Run, Exponential Behavior in Risk Theory, Estimation in Window-Censored Semi-Markov Processes, Random Sperner Systems, The Duration of a Sequence of Epidemics, Vertical Uniform Random Sampling, Non Parametric Methods of Inference for Finite-State and Inhomogenous Markov Processes, Developments in Discrete Frailty Models, Poison Process Approximation for Palindromes in DNA, On Transient Analysis of Queues with Poison Input Stream, Non-Homogeneous Semi-Markov Reliability Transition Credit Risk Models, Multivariate Karhunen-Loeve Decompositions and Statistical Applications, Recent Advances in Scan Statistics, Time Series Analysis by Higher Order Crossings, Results for the NK Model, Modes of Extinction, Motif Distribution in DNA Sequences, Symmetry Analysis of Refraction Data, Author Index.
700 1 _aKoutras M V
_96179
942 _cBK
710 2 _aUniversity Of Piraeus
_99781
999 _c5265
_d5265